000 01483cas a2200373 a 4500
001 1014
003 BD-RjUL
005 20211208233250.0
008 160721s1958 mnu x s0 a0eng c
035 _a(OCoLC)ocm01758283 - 1036
040 _aMnMULS
_beng
_cMnMULS
_dOCoLC
_dBD-RjUL
041 _aeng
082 0 4 _a501
_219
_bMIN 1963
245 0 0 _aMinnesota studies in the philosophy of science :
_bV II; Concepts, theories, and the mind-body problem /
_cedited by Herbert Feigl, Michael Scriven and Grover Maxwell.
260 _aMinneapolis :
_bUniversity of Minnesota Press,
_cc1956-
300 _av 2. ;
_c24 cm.
500 _aPresents the results of the research of the Minnesota Center for the Philosophy of Science.
500 _aEach vol. also has distinctive title.
500 _aSeparately cataloged in LC before 1 Oct. 1975.
504 _aIncludes bibliographical references.
650 0 _aScience
_xPhilosophy
_vPeriodicals.
_92983
650 4 _aScience
_xPhilosophy.
_92866
650 6 _aSciences
_xPhilosophie
_vCollections.
_92984
650 6 _aPsychologie
_vCollections.
_92985
650 6 _aSciences
_xMéthodologie
_vCollections.
_92986
700 1 _aHerbert Feigl, Michael Scriven and Grover Maxwell.
_92987
710 2 _aMinnesota Center for Philosophy of Science.
_92867
942 _2ddc
_cBK
999 _c1014
_d1014